| 000 | 00840nam a2200301 a 4500 | ||
|---|---|---|---|
| 001 | vtls001402316 | ||
| 003 | NLI | ||
| 005 | 20210627113120.0 | ||
| 008 | 121127s1962 nyu d 001 0 eng | ||
| 020 | _cUSD 10.00 | ||
| 039 | 9 |
_y201211272016 _zVLOAD |
|
| 040 |
_aNLI _beng _cDatasoft_2012 _eAACR2 |
||
| 041 | 0 | _aeng | |
| 044 | _a nyu | ||
| 082 | 0 | 4 | _a 590.3 |
| 100 | 1 |
_aStanek,V.J. _9859651 |
|
| 245 | 1 | 0 |
_aPictorial encyclopedia of the animal kingdom / _cV.J.Stanek |
| 260 |
_aNew York : _bCrown, _cc1962 |
||
| 300 |
_a614 p. ; _c22 cm. |
||
| 500 | _aIncludes index | ||
| 650 | 0 |
_aAnimals _vDictionaries _9977038 |
|
| 650 | 0 |
_aZoology _vDictionaries _9841375 |
|
| 887 | _a | ||
| 901 |
_a360392 _b04.02.1964 |
||
| 902 | _aS.T 590.3 St 24 | ||
| 949 |
_AVIRTUAITEM _D10000 _X100 _6PUR000360392ENG |
||
| 942 |
_2ddc _cBKS |
||
| 999 |
_aVIRTUA40 _c857230 _d857230 |
||